| 000 | 01232cam a2200349 i 4500 | ||
|---|---|---|---|
| 001 | 22038971 | ||
| 003 | OSt | ||
| 005 | 20250701103124.0 | ||
| 008 | 210518s2021 ke a b 001 0 eng | ||
| 010 | _a 2021315234 | ||
| 020 | _a9789966196286 | ||
| 035 | _a22038971 | ||
| 040 |
_aDLC _beng _erda _cDLC |
||
| 042 |
_alcode _apcc |
||
| 043 | _af-ke--- | ||
| 050 | 0 | 0 |
_aJQ2947.A56 _bT35 2021 |
| 082 | _a320.96762 | ||
| 245 | 0 | 0 |
_aTaking stock of devolution in Kenya : _bfrom the 2010 constitution, through two election cycles, to the BBI process / _ceditor, Mumo Nzau, Phd. |
| 264 | 1 |
_aNairobi, Kenya : _bHORN, International Institute of Strategic Studies, _c2021. |
|
| 300 |
_av, 418 pages : _billustrations ; _c21 cm |
||
| 336 |
_atext _btxt _2rdacontent |
||
| 337 |
_aunmediated _bn _2rdamedia |
||
| 338 |
_avolume _bnc _2rdacarrier |
||
| 500 | _aCover title. | ||
| 504 | _aIncludes bibliographical references and index. | ||
| 650 | 0 |
_aDecentralization in government _zKenya. |
|
| 651 | 0 |
_aKenya _xPolitics and government. |
|
| 700 | 1 |
_aNzau, Mumo, _eeditor. |
|
| 906 |
_a7 _bcbc _corigode _d3 _encip _f20 _gy-gencatlg |
||
| 942 |
_2ddc _cBK |
||
| 999 |
_c4106 _d4106 |
||